00634nam a2200205Ia 450000500170000000800410001702000150005808200210007310000130009424500900010726000470019730000120024465000110025665000100026765000150027765000180029294200060031095200970031699900150041320250324065428.0240331s9999 xx 000 0 und d a1856492400 bAGG24010a303.6 aAgger, I 4aThe Blue Room:bTrauma and Testimony Among Refugee Women: A Psycho-Social Exploration aLondon;aNew Jersey,bZed Books Ltd,c1992 a138 p., aGender aWomen aBoundaries aSexual Trauma cL 001040708LaWERCLbWERCLcSSCd2024-03-31l0o 303.6 AGGp4010r2024-03-31w2024-03-31yL c4574d4574